000 00309 a2200109 4500
020 _a8183240305
082 _a627.4 MAN
100 _aMani, R
245 _aWatershed Planning and Employment Generation/
_cR Mani
260 _aNew Delhi :
_bA Mittal Publication,
_c2006
300 _axii, 185p. :
_bill. ;
_c21 cm
650 _aWatershed Planning
999 _c1148
_d1148